Quizzes
Events
Quiz Creation
Community
Videos
Private Events
Remove Ads
Sign In
Join for FREE
Feedback
Dark Mode
Quiz Categories
Sports
Geography
Music
Movies
Television
Just For Fun
Miscellaneous
History
Literature
Language
Science
Gaming
Entertainment
Religion
Holiday
For Kids
Quiz Lab
Recent
Popular Today
Quiz Kudos Today
Editor Picks
Curator Picks
Quizzes by...
Day
Popularity
Type
Ratings
Length
Year
Community
Subscriptions
Recent Discussions
Orange Saloon
Badges
Playlists
Quests
Create
Leaderboards
Showdown
Live 5
Trivia Bingo
Activity
Puzzle Library
Sporcle Events
Private Events
Virtual Trivia
Globe League
Become a Host
Pub Owners
SporcleCon
Opinionation
Our Games
Videos
Blog
Mobile Apps
Partnerships
Remove Ads and Go Orange
Feedback
Language
Vocabulary
Begins and Ends
Definition
Spanish
French
German
Italian
Chinese
Latin
Translation
Japanese
Language
Vocabulary
Begins and Ends
Definition
Spanish
French
German
Italian
Chinese
Latin
Translation
Japanese
Random Quiz
Search Sporcle
×
Quiz Lab
Quiz Lab
Language
Translation
Type in answers that appear in a list
Type in answers that appear in a list
Classic
Best Score? Go Orange.
What do the Swedish phrases mean, translated to English Stats
Can you name the meaning of the Swedish phrase or word, as directly translated to English?
By
LinusW
8m
36 Questions
69 Plays
69 Plays
69 Plays
Comments
Comments
Give Quiz Kudos
Give Quiz Kudos
-
- Ratings
hide this ad
Replay
Link that replays current quiz
Next Quiz
Link to next quiz in quiz playlist
You Got
0%
They Got
Avg Score
14%
Avg Friend Score
Upgrade to see
Score Distribution
Jump to the score distribution portion of the page
Score
0/36
Timer
08:00
0
Plays Today
Swedish phrase/word
What it means
% Correct
Never in life
Over my dead body
73.9%
Clear as sausage stock
Obvious
59.4%
Flowers and bees
Birds and the bees
43.5%
Behind the float
Retarded
26.1%
Born in the entrance hall
retarded
26.1%
Bite the grass
Lose or die
21.7%
White onion
Garlic
21.7%
Ask someone to go where the pepper grows
Go to hell
18.8%
Go away
Pass away
18.8%
Similar as berries
Identical
18.8%
Give back for old cheese
Take revenge
17.4%
It went as greased
Something goes very smoothly
14.5%
Have long fingers
Be thievish
14.5%
**** same
Nevermind or doesn't matter
13%
Start a new den
Start over
13%
Pulled by the nose
Fooled
11.6%
A drop in the ocean
Insignificant
11.6%
Make mincemeat of someone
Beat someone up
11.6%
Swedish phrase/word
What it means
% Correct
Not having all horses at home
Scatterbrained
11.6%
In only the brass
To be naked
8.7%
The birds know that
No idea
7.2%
Get it hot around the ears
Get in trouble
7.2%
Decide where the cupboard stands
Make an important decision
5.8%
Other biscuits
Make a change
4.3%
Drag me backwards
Surprised
4.3%
Of the same scrap and grain
Two of a kind
2.9%
You can write that down!
It will definitely happen
2.9%
There's no cow on the ice, as long as half is on land
There's nothing to worry about
2.9%
Another five
Something different
2.9%
Walk the broad path
Commit a crime
2.9%
Get a blooded tooth
Wanting to learn more about something
1.4%
Do someone a bear favor
Make a situation worse
1.4%
Have squeeze on something
Have good knowledge of
1.4%
Have your thumb in the middle of your hand
To be unpractical or bad at something
1.4%
Hot potato
Difficult subject
1.4%
I met Lassie
To meet or have a distant relation to a celebrity
1.4%
Quiz Playlist
Details
Report
Send in Message
Add To Playlist
Classic:
Type in answers that appear in a list
Last Updated: Feb 16, 2017
Quiz Scoreboard
CHALLENGE
Sign Up to Join the Scoreboard
Show All
Scores
Hide
Comments
May contain spoilers
Recently Published
Movies - When Are They Set?
by FPL_Elf
Movies
5m
Popular People in 1961
by mucciniale
History
6m
1-10 Letter E Words III
by El_Dandy
Language
2m
More to Explore
Quiz From the Vault
Featured Blog Post
Where Did the Easter Bunny Come From?
hide this ad
You Might Also Like...
Tags
Translation Quiz
Directly
English
phrase
Swedish
Today's Top Quizzes in Language
Browse Language
hide this ad
Today's Top Quizzes in Translation
Browse Translation
Top Contributed Quizzes in Language
1
Order Up: Top 10 Most Native Spoken Languages
2
1-10 Letter F Words III
3
1-10 Letter G Words III
4
1-10 Letter H Words III
5
1-10 Letter I Words III
6
One Thing in Common: Italy
7
1-10 Letter J Words III
8
Weisst du, aus welchen Sprachen diese Wörter stammen?
9
Hiragana Speed Reading
10
Begins and Ends With AN
Explore More
Trending Topics
Harry Potter
NBA
Crossword
Marvel
Anime
Disney
Kpop
Country
Puzzle
Pokémon
Song
NFL
The Office
WWE
Soccer
hide this ad
More By:
LinusW
Quiz
Plays
Rating
Category
Featured
Created
What do Swedish words mean in English
334
5.00
Language
Mar 14, 2012
What do Swedish words mean in English 3
164
4.00
Language
Mar 25, 2012
What do Swedish words mean in English 2
152
Language
Mar 15, 2012
Lots of animals in Swedish
98
4.00
Language
Feb 23, 2012
food items in Swedish
93
1.00
Language
Aug 13, 2012
Go to Creator's Profile
Score Distribution
Quiz Creator Spotlight
LinusW
Follow
Send a Message
Quizzes Created
-
Created Quiz Play Count
-
More By This Creator
Popular Quizzes Today
1
Find the Countries of Europe - No Outlines Minefield
2
Find the US States - No Outlines Minefield
3
The Countries of the World
4
Popular People in 1961
5
US States
6
1-10 Letter E Words III
7
Find the US States
8
One Thing in Common: World Cities II
More Language Quizzes
Complete the US State with a 4-Letter Definition
Curator's Pick
Trending Quizzes
Risky Map Clicking: Least Populous States A-Z
1-10 Letter F Words
1-10 Letter G Words
One Thing in Common: United Kingdom
Risky Map Clicking: Next State Alphabetically
Recently Updated
Leaping Animals
pecheneg
Reality TV Shows (A-Z)
bhenderson79
Rickey Henderson's Hall of Fame Teammates
pecheneg
Champions League XIs: Arsenal
pecheneg
Quick Pick: Celebrities in WWE's Hall of Fame
aduchscher
A-Z Keypad Blitz II
pecheneg
Multiple Oscar Actors
pecheneg
Mystery Phrase Blitz: Oscar 'Best Actors'
pecheneg
F. Scott Fitzgerald Novels
LTH
Pick 3 Villains
ddd62291
Trending Topics
NBA
Marvel
Kpop
Crossword
Disney
Anime
Harry Potter
NFL
Song
Puzzle
Pokémon
Country
The Office
WWE
Soccer
Your Account Isn't Verified!
In order to create a playlist on Sporcle, you need to verify the email address you used during registration. Go to your
Sporcle Settings
to finish the process.
Report this User
Report this user for behavior that violates our
Community Guidelines
.
Details:
Send Report
Go to the Sporcle.com Mobile Site →
Comments